| 000 | 00000nam##2200000za#4500 |
| 001 | 9.608261 |
| 003 | CaOODSP |
| 005 | 20210624213535 |
| 007 | cr ||||||||||| |
| 008 | 150406|2015||||xxc|||||o f|0| 0 fre|d |
| 022 | |a1919-5117 |
| 040 | |aCaOODSP|bfre |
| 043 | |an-cn--- |
| 086 | 1 |aFs70-6/2015-001F-PDF |
| 110 | 1 |aCanada. |bMinistère des pêches et des océans. |
| 245 | 10|aÉvaluation du stock de morue dans la sous-division 3Ps de l'OPANO |h[ressource électronique] |
| 260 | |aMoncton - Nouveau-Brunswick : |bPêches et Océans Canada |cJanvier 2015. |
| 300 | |a22p.|bfigure, graphiques, tableau |
| 490 | 1 |aSecrétariat canadien de consultation scientifique, avis scientifique |x1919-5117|v2015/001, Région de Terre-Neuve-et-Labrador |
| 590 | |a15-04|b2015-01-23 |
| 775 | 08|tStock assessment of NAFO subdivision 3Ps cod |w(CaOODSP)9.581432 |
| 830 | #0|aAvis scientifique (Secrétariat canadien de consultation scientifique)|x1919-5117|v2015/001, Région de Terre-Neuve-et-Labrador|w(CaOODSP)9.502624 |
| 856 | 40|ahttp://publications.gc.ca|qPDF|s673 Ko|uhttps://publications.gc.ca/collections/collection_2015/mpo-dfo/Fs70-6-2015-001-fra.pdf|y2015/001, Région de Terre-Neuve-et-Labrador |